000 01481nam a22003857a 4500
003 CHAP
005 20220329135329.0
008 971013s r 00010 d
010 _a34514
011 _a35486
035 _a39602
040 _cCHAP
082 _a633.68
_bE58
110 _aEmpresa Brasileira de Pesquisa Agropecuaria. Centro Nacional de Pesquisa de Mandioca e Fruticultura
_936605
245 _aRelatorio técnico anual... 19 - ,
260 _aCruz das Almas :
_b(s.e.),
_c19
300 _av.
500 _a1978, 1980, 1981, 1984, 1986
500 _aLa biblioteca tiene :
590 _aBATCH-UPD
_b10
_c20130110
_lUCH01
_h1127
590 _aBATCH-UPD
_b10
_c20130410
_lUCH01
_h0716
590 _aBATCH-UPD
_b10
_c20130914
_lUCH01
_h1447
590 _aCONVERSION
_b10
_c20130109
_lUCH01
_h1319
650 1 4 _aFruticultura
_xBrasil.
_943703
650 1 4 _aFruticultura
_xInvestigación.
_943728
650 1 4 _aYuca.
_9123269
901 _aBK
942 _cLIBRO
949 _a633.68 E58
_bBC
_cLIBRO
_d33724000215430
_eLIBRO
_f1984
_h67348
_i39602
_si
949 _a633.68 E58
_bBC
_cLIBRO
_d33724000215448
_eLIBRO
_f1984 c.2
_h67349
_i39602
_si
949 _a633.68 E58
_bBC
_cLIBRO
_d33724000215455
_eLIBRO
_f1978
_h60267
_i39602
_si
949 _a633.68 E58
_bBC
_cLIBRO
_d33724000215463
_eLIBRO
_f1980
_h60352
_i39602
_si
949 _a633.68 E58
_bBC
_cLIBRO
_d33724000215471
_eLIBRO
_f1981
_h60268
_i39602
_si
949 _a633.68 E58
_bBC
_cLIBRO
_d33724000215489
_eLIBRO
_f1986
_h71182
_i39602
_si
999 _c34514
_d34514